000 00738nam a22001937a 4500
003 AM-YeHGA
005 20250617153827.0
008 180201s1922 ru ||||| |||| 00| 0 rus d
040 _aAM-YeHGA
041 0 _arus
100 1 _aИпатьев, Владимир Николаевич
245 1 0 _aКаталитические явления в природе /
_cАкад. Вл. Н. Ипатьев, М. А. Блох Р.С.Ф.С.Р. Науч.-техн. отд. В.С.Н.Х.
260 _aПетроград :
_bНауч. хим.-техн. изд-во ,
_c1922.
300 _a90 с. ,
_c27 см.
650 1 4 _aКатализ - Явления в природе
700 1 _aБлох, М. А.
942 _2udc
_cBK
090 _c401055
999 _c398918
_d398918